LEADER 00401nab a2200145 i 4500 001 000000287233 003 CaOOAMICUS 005 20190404121737.0 008 140718n xx uu u0 0und r 013 $a40959 040 $aSeMil$bita 245 10$a2014 : 2. 773 0 $t2014.$dBerlin ; New York : De Gruyter, copyr. 2014.$w()229012 996 $6245$a2014 : 2$9(OLS)http://semarc/title/328938 LEADER 00718nam a2200217 i 4500 001 000000077429 003 CaOOAMICUS 005 20220311095814.0 008 020311n it u000 u ita u 013 $a48601 020 $a88-7817-003-8 040 $aSeMil$bita 245 00$aParte 2. 300 $aP. 802-1934 ;$c23 cm 773 0 $aBoiardo, Matteo Maria <1441-1494>$tInamoramento de Orlando.$w()7009 850 $aSeMil 852 $aSeMil$W1$xVenegono$y1$m1E II 156/1B$j43581$B43581$CSeMilBibl$Z2$F71265 $81 961 $aAcquisto: Einaudi (Agente) 996 $6020$a88-7817-003-8$9(OLS)http://semarc/number/59099 996 $6245$aParte 2$9(OLS)http://semarc/title/108333